Púť na Velehrad rozprávka

Podrobná bibliografia
Hlavný autor: Anonymus, 1847-1910 (Autor)
Médium: Článok
Jazyk:slovenčina

MARC

LEADER 00000nab a2200000uu 4500
001 vtls011515482
003 SK-MaSNL
005 20260303162516.0
008 230302|1887 xo |||||||||||||||||slo|
015 |a SNBRB 
035 |a (urnnbn)urn:nbn:sk:snk:ar-001ij9 
035 |a (uuid)478ec631-3d9b-436a-bf70-4d99a5b9c55e 
035 |a urn:nbn:sk:snk-abe54o 
040 |a SNKBUCL  |b slo  |c SNKBUCL  |e AACR2 
041 0 |a slo 
044 |a xo  |c SK 
100 0 |a Anonymus,  |d 1847-1910  |4 aut  |9 57447 
245 1 0 |a Púť na Velehrad  |b rozprávka  |c Anonymus 
500 |a Pokračovanie 
773 0 |t Slovenské pohľady  |g Roč. 7, č. 2 (1887), s. 29-32 
958 |a OND 
958 |a EUIPO 
958 |a article21 
999 |c 2054875  |d 2056805